[Event "Halver-ch"]
[Site "Halver"]
[Date "2005.03.04"]
[Round "5"]
[White "Poguntke, Rudolf"]
[Black "Mantler, Hendrik"]
[Result "0-1"]
[WhiteElo "1507"]
[BlackElo "1985"]
[PlyCount "66"]
[EventDate "2005.01.21"]
[EventType "swiss"]
[EventRounds "9"]
[EventCountry "GER"]
[SourceTitle "EXT 2007"]
[Source "ChessBase"]
[SourceDate "2006.11.23"]
[SourceVersion "1"]
[SourceVersionDate "2006.11.23"]
[SourceQuality "1"]

1. d4 d5 2. Nf3 Nf6 3. c4 e6 4. Bg5 h6 5. Bh4 c6 6. e3 Nbd7 7. Nc3 Be7 8. Bd3 dxc4 9. Bxc4 b5 10. Bd3 a6 11. a3 c5 12. dxc5 Nxc5 13. Be2 Qb6 14. 0-0 Bb7 15. b4 Nce4 16. Nxe4 Bxe4 17. Rc1 0-0 18. Qb3 Rfd8 19. Nd4 e5 20. Bxf6 Bxf6 21. Nf3 Bd5 22. Qb1 e4 23. Nd2 Qe6 24. Rc5 Rd6 25. h3 Be5 26. Rd1 Rad8 27. Qc2 Kh8 28. f4 exf3 29. Nxf3 Bb3 30. Rxd6 Bxd6 31. Qf5 Qxe3+ 32. Kf1 Bxc5 33. bxc5 Bc4 0-1

[Event "Halver qual-B"]
[Site "Halver"]
[Date "2002.04.12"]
[Round "8"]
[White "Poguntke, Rudolf"]
[Black "Mirus, Sven"]
[Result "0-1"]
[WhiteElo "1504"]
[BlackElo "1306"]
[PlyCount "132"]
[EventDate "2002.01.18"]
[EventType "tourn"]
[EventRounds "9"]
[EventCountry "GER"]
[SourceTitle "EXT 2007"]
[Source "ChessBase"]
[SourceDate "2006.11.23"]
[SourceVersion "1"]
[SourceVersionDate "2006.11.23"]
[SourceQuality "1"]

1. d4 f5 2. c4 g6 3. Nc3 Bg7 4. g3 Nf6 5. Bg2 c6 6. Nf3 0-0 7. 0-0 d6 8. Qc2 Be6 9. b3 Nbd7 10. Bb2 Bf7 11. Ng5 e5 12. Nxf7 Rxf7 13. d5 c5 14. e4 fxe4 15. Nxe4 Qe7 16. Ng5 Rff8 17. Ne6 Rfe8 18. Nc7 Nb6 19. Nxa8 Rxa8 20. Rae1 Rf8 21. f4 Nfd7 22. f5 g5 23. g4 Bf6 24. Qd2 Nc8 25. a4 b6 26. b4 Qd8 27. bxc5 Nxc5 28. Bc3 Nxa4 29. Bb4 Nc5 30. Ra1 Nb7 31. Ra3 Qc7 32. Qe2 a5 33. Bd2 Qc5+ 34. Re3 Rf7 35. Kh1 Qc7 36. Rb1 Nc5 37. Ra3 Bd8 38. Be3 Qe7 39. Bxc5 dxc5 40. Rd3 Qd6 41. Re1 Bf6 42. Rh3 Bg7 43. Be4 Bf6 44. Bc2 Re7 45. Qe4 Qc7 46. Rh6 Nd6 47. Qe2 Rf7 48. Bd3 Kg7 49. Rh3 h6 50. Qa2 Kh7 51. Rhe3 Re7 52. Qa4 Kg7 53. Bf1 e4 54. Rb3 Bd4 55. Reb1 Nc8 56. Qc6 Qxc6 57. dxc6 e3 58. Be2 Rc7 59. Bf3 Re7 60. Re1 a4 61. Ra3 Ra7 62. Re2 Nd6 63. Bd5 Kf8 64. Rea2 Ke7 65. Rxa4 Rxa4 66. Rxa4 e2 0-1

[Event "Halver qual-B"]
[Site "Halver"]
[Date "2002.01.25"]
[Round "2"]
[White "Schaefer, Arnold"]
[Black "Poguntke, Rudolf"]
[Result "0-1"]
[WhiteElo "1406"]
[BlackElo "1504"]
[PlyCount "82"]
[EventDate "2002.01.18"]
[EventType "tourn"]
[EventRounds "9"]
[EventCountry "GER"]
[SourceTitle "EXT 2007"]
[Source "ChessBase"]
[SourceDate "2006.11.23"]
[SourceVersion "1"]
[SourceVersionDate "2006.11.23"]
[SourceQuality "1"]

1. c4 Nf6 2. Nc3 e6 3. g3 d5 4. cxd5 Nxd5 5. Bg2 Be7 6. e3 0-0 7. Nge2 c5 8. d4 Nc6 9. 0-0 cxd4 10. Nxd5 exd5 11. exd4 Bf6 12. Be3 Be6 13. Qd2 Qd7 14. Rfc1 Rfc8 15. a3 a5 16. Nf4 Be7 17. Nd3 f6 18. f3 Bf7 19. Nf2 a4 20. Bh3 Be6 21. Kg2 Na5 22. Rxc8+ Qxc8 23. Bxe6+ Qxe6 24. Re1 Qd7 25. Qd3 Nc4 26. Bc1 b5 27. Qe2 Kf7 28. f4 Re8 29. Qd3 f5 30. Qf3 g6 31. Nd3 Kf8 32. Ne5 Qe6 33. Nd3 Qc6 34. Qf2 Nd6 35. Ne5 Qc7 36. Qe2 Qb7 37. h3 Ne4 38. h4 Rc8 39. Kh3 b4 40. g4 fxg4+ 41. Qxg4 Nf2+ 0-1

[Event "Sauerland Bezirksliga 0102"]
[Site "Sauerland"]
[Date "2001.12.16"]
[Round "3"]
[White "Vielhaber, Gerhard"]
[Black "Poguntke, Rudolf"]
[Result "1-0"]
[WhiteElo "1497"]
[BlackElo "1508"]
[PlyCount "125"]
[EventDate "2001.09.23"]
[EventType "team"]
[EventRounds "7"]
[EventCountry "GER"]
[SourceTitle "EXT 2007"]
[Source "ChessBase"]
[SourceDate "2006.11.23"]
[SourceVersion "1"]
[SourceVersionDate "2006.11.23"]
[SourceQuality "1"]
[WhiteTeam "Attendorn"]
[BlackTeam "Halver II"]
[WhiteTeamCountry "GER"]
[BlackTeamCountry "GER"]

1. e4 c5 2. Nc3 Nc6 3. g3 d6 4. Bg2 g6 5. d3 Bg7 6. f4 Nf6 7. Nf3 Qc7 8. Ne2 0-0 9. 0-0 a6 10. c3 Rb8 11. Be3 b5 12. Rc1 Bb7 13. Qd2 Ng4 14. Nh4 Nxe3 15. Qxe3 e6 16. f5 exf5 17. exf5 Rbe8 18. Qd2 Qe7 19. Rce1 Qe3+ 20. Qxe3 Rxe3 21. fxg6 hxg6 22. Be4 Na5 23. Ng2 Bxe4 24. Nxe3 Bxd3 25. Rf2 Re8 26. Ng2 d5 27. Nef4 Rxe1+ 28. Nxe1 Bb1 29. Nxd5 Bxa2 30. Ne7+ Kh7 31. b4 cxb4 32. cxb4 Bc4 33. bxa5 Bf8 34. Nc6 b4 35. Ne5 Bd5 36. Rxf7+ Bxf7 37. Nxf7 b3 38. Nd3 Bg7 39. Ng5+ Kg8 40. Ne4 b2 41. Nd2 Bc3 42. Nb1 Bxa5 43. Nxb2 Kg7 44. Kg2 Kf6 45. Kf3 g5 46. Kg4 Bc7 47. Nd2 a5 48. Ne4+ Kg6 49. Nxg5 Be5 50. Na4 Bd4 51. Ne4 Kh6 52. Kf5 Kh5 53. Nf6+ Kh6 54. g4 Bf2 55. g5+ Kg7 56. Kg4 Bd4 57. Ne4 Kg6 58. h4 Kf7 59. h5 Kg7 60. Kf5 Kg8 61. h6 Kh7 62. Nf6+ Kh8 63. g6 1-0

[Event "Sauerland Bezirksliga 0102"]
[Site "Sauerland"]
[Date "2001.09.23"]
[Round "1"]
[White "Poguntke, Rudolf"]
[Black "Roehle, Timo"]
[Result "0-1"]
[WhiteElo "1508"]
[BlackElo "1351"]
[PlyCount "50"]
[EventDate "2001.09.23"]
[EventType "team"]
[EventRounds "7"]
[EventCountry "GER"]
[SourceTitle "EXT 2007"]
[Source "ChessBase"]
[SourceDate "2006.11.23"]
[SourceVersion "1"]
[SourceVersionDate "2006.11.23"]
[SourceQuality "1"]
[WhiteTeam "Schalksmuehle"]
[BlackTeam "Halver II"]
[WhiteTeamCountry "GER"]
[BlackTeamCountry "GER"]

1. d4 d5 2. Nf3 Nf6 3. c4 c6 4. Nc3 Bf5 5. Qb3 b6 6. cxd5 cxd5 7. Ne5 e6 8. Bg5 Be7 9. Qa4+ Nfd7 10. Bxe7 Qxe7 11. Nb5 0-0 12. Nc7 Nc5 13. dxc5 Qxc7 14. Nd3 Bxd3 15. exd3 Qxc5 16. Be2 Nc6 17. 0-0 b5 18. Qd1 Nd4 19. Rc1 Qxc1 20. Qxc1 Nxe2+ 21. Kh1 Nxc1 22. Rxc1 Rac8 23. Rb1 Rc2 24. Kg1 Rfc8 25. Rf1 Rc1 0-1

[Event "Halver qual-B"]
[Site "Halver"]
[Date "2001.08.31"]
[Round "1"]
[White "Mantler, Hendrik"]
[Black "Poguntke, Rudolf"]
[Result "1-0"]
[WhiteElo "1719"]
[BlackElo "1508"]
[PlyCount "59"]
[EventDate "2001.08.31"]
[EventType "tourn"]
[EventRounds "7"]
[EventCountry "GER"]
[SourceTitle "EXT 2007"]
[Source "ChessBase"]
[SourceDate "2006.11.23"]
[SourceVersion "1"]
[SourceVersionDate "2006.11.23"]
[SourceQuality "1"]

1. e4 c5 2. c3 d5 3. exd5 Qxd5 4. d4 Nc6 5. Nf3 Bg4 6. Be2 e6 7. 0-0 cxd4 8. cxd4 Nf6 9. Nc3 Qd7 10. Be3 Bd6 11. h3 Bh5 12. Rc1 a6 13. Na4 Rd8 14. Nc5 Qe7 15. Nxa6 0-0 16. Nc5 e5 17. dxe5 Bxe5 18. Qb3 Nd4 19. Nxd4 Bxd4 20. Bxh5 Bxe3 21. Qxe3 Qxe3 22. fxe3 Nxh5 23. Nxb7 Rb8 24. Rc7 Ng3 25. Rf3 Ne4 26. a4 Rfc8 27. Rfxf7 Rxc7 28. Rxc7 Rf8 29. a5 Rf2 30. a6 1-0

[Event "Halver Cup"]
[Site "Halver"]
[Date "2001.05.18"]
[Round "3"]
[White "Poguntke, Rudolf"]
[Black "Schaefer, Arnold"]
[Result "1-0"]
[WhiteElo "1508"]
[BlackElo "1400"]
[PlyCount "25"]
[EventDate "2001.05.04"]
[EventType "swiss"]
[EventRounds "7"]
[EventCountry "GER"]
[SourceTitle "EXT 2007"]
[Source "ChessBase"]
[SourceDate "2006.11.23"]
[SourceVersion "1"]
[SourceVersionDate "2006.11.23"]
[SourceQuality "1"]

1. e4 e5 2. Nf3 d6 3. d4 exd4 4. Nxd4 Be7 5. c4 Nf6 6. Nc3 c6 7. Be2 0-0 8. 0-0 h6 9. Be3 Nh7 10. Qc2 Re8 11. Rfd1 Na6 12. a3 Nc5 13. b4 1-0

[Event "Sauerland Bezirksklasse"]
[Site "Sauerland"]
[Date "2001.03.04"]
[Round "6"]
[White "Todorovic, Milorad"]
[Black "Poguntke, Rudolf"]
[Result "1-0"]
[WhiteElo "1539"]
[BlackElo "1558"]
[PlyCount "81"]
[EventDate "2000.09.03"]
[EventType "team"]
[EventRounds "7"]
[EventCountry "GER"]
[SourceTitle "EXT 2007"]
[Source "ChessBase"]
[SourceDate "2006.11.23"]
[SourceVersion "1"]
[SourceVersionDate "2006.11.23"]
[SourceQuality "1"]
[WhiteTeam "Halver II"]
[BlackTeam "Werdohl"]
[WhiteTeamCountry "GER"]
[BlackTeamCountry "GER"]

1. e4 d5 2. e5 Bf5 3. h3 c5 4. d3 Nc6 5. Nf3 e6 6. a3 Nge7 7. Bd2 Ng6 8. g4 Bxg4 9. hxg4 Ncxe5 10. Nxe5 Nxe5 11. Be2 Qb6 12. b3 g6 13. Nc3 d4 14. Ne4 Nd7 15. Bf4 f5 16. gxf5 exf5 17. Ng3 Qe6 18. Qd2 Bd6 19. Bxd6 Qxd6 20. 0-0-0 0-0-0 21. Kb2 Ne5 22. f4 Nc6 23. Bf3 Rde8 24. Rde1 h5 25. Rxe8+ Rxe8 26. Bxh5 gxh5 27. Rxh5 Ne7 28. Nxf5 Nxf5 29. Rxf5 Rf8 30. Rxf8+ Qxf8 31. Qf2 Qf5 32. Kc1 Kd7 33. Qf3 Ke6 34. Kd2 a5 35. Ke2 Qh7 36. Qe4+ Qxe4+ 37. dxe4 b5 38. Kd3 Kd6 39. c3 dxc3 40. Kxc3 Ke6 41. a4 1-0

[Event "Sauerland Bezirksklasse"]
[Site "Sauerland"]
[Date "2000.11.19"]
[Round "3"]
[White "Poguntke, Rudolf"]
[Black "Henning, Peter"]
[Result "0-1"]
[WhiteElo "1544"]
[BlackElo "1574"]
[PlyCount "102"]
[EventDate "2000.09.03"]
[EventType "team"]
[EventRounds "7"]
[EventCountry "GER"]
[SourceTitle "EXT 2007"]
[Source "ChessBase"]
[SourceDate "2006.11.23"]
[SourceVersion "1"]
[SourceVersionDate "2006.11.23"]
[SourceQuality "1"]
[WhiteTeam "Koenigsspringer Luedenscheid III"]
[BlackTeam "Halver II"]
[WhiteTeamCountry "GER"]
[BlackTeamCountry "GER"]

1. d4 Nf6 2. c4 g6 3. Nc3 d5 4. e3 c6 5. a4 Bg7 6. Bd3 0-0 7. Nf3 Bg4 8. h3 Bxf3 9. Qxf3 e6 10. 0-0 Nbd7 11. Rd1 Re8 12. b3 e5 13. cxd5 cxd5 14. Bb5 e4 15. Qe2 a6 16. Bxd7 Qxd7 17. Ba3 Rec8 18. Rdc1 Rc6 19. Rc2 Rac8 20. Rac1 Qc7 21. Qd2 Bf8 22. Bxf8 Kxf8 23. Qe1 Qa5 24. Qd2 Qb4 25. Kf1 b6 26. Ke1 Qxb3 27. Rb1 Qa3 28. Rbb2 Rxc3 29. Rxc3 Rxc3 30. Rxb6 Rd3 31. Qb4+ Qxb4+ 32. Rxb4 Nd7 33. Rb7 Ke7 34. Ra7 Ra3 35. Rxa6 Ra2 36. a5 h5 37. Ra7 Kd6 38. a6 Kc6 39. Ra8 f6 40. a7 Kd6 41. f3 f5 42. fxe4 dxe4 43. Kd1 g5 44. Rg8 Rxa7 45. Rxg5 Ke6 46. Rxh5 Ra2 47. g4 fxg4 48. hxg4 Rg2 49. Rg5 Nf6 50. Re5+ Kf7 51. g5 Ng4 0-1